Новый самоучитель английского языка: практический курс

التفاصيل البيبلوغرافية
المؤلف الرئيسي: Петрова А. В. Анастасия Владимировна
مؤلفون آخرون: Орлова И. А. Ирина Александровна
الملخص:Цель книги — самостоятельное изучение английского языка в пределах, позволяющих читать и переводить несложные подлинные тексты, включая технические и научные. Грамматика представлена только теми правилами, которые необходимы для практического овладения языком (письменным и устным). Лексическую основу самоучителя составляют 2000 слов.
اللغة:الإنجليزية
الروسية
منشور في: Москва, АСТ, 2016
الموضوعات:
التنسيق: كتاب
KOHA link:https://koha.lib.tpu.ru/cgi-bin/koha/opac-detail.pl?biblionumber=307938

MARC

LEADER 00000nam0a2200000 4500
001 307938
005 20231102002038.0
010 |a 9785170336104 
035 |a (RuTPU)RU\TPU\book\333246 
090 |a 307938 
100 |a 20151027d2016 m y0rusy50 ca 
101 0 |a eng  |a rus 
102 |a RU 
105 |a y j 001zy 
200 1 |a Новый самоучитель английского языка  |e практический курс  |f А. В. Петрова, И. А. Орлова 
210 |a Москва  |c АСТ  |d 2016 
215 |a 607 с. 
320 |a Англо-русский словарь: с. 549-603. 
330 |a Цель книги — самостоятельное изучение английского языка в пределах, позволяющих читать и переводить несложные подлинные тексты, включая технические и научные. Грамматика представлена только теми правилами, которые необходимы для практического овладения языком (письменным и устным). Лексическую основу самоучителя составляют 2000 слов. 
606 1 |a Английский язык  |x Учебные руководства и пособия  |x Самоучители  |2 stltpush  |3 (RuTPU)RU\TPU\subj\29081  |9 52492 
610 1 |a грамматика 
610 1 |a лексика 
610 1 |a разговорная речь 
610 1 |a фонетика 
610 1 |a словообразование 
610 1 |a тексты 
610 1 |a практические курсы 
610 1 |a устная речь 
610 1 |a упражнения 
610 1 |a практические курсы 
686 |a Ш143.21-922  |v LBC/SL-A  |2 rubbk 
700 1 |a Петрова  |b А. В.  |g Анастасия Владимировна 
701 1 |a Орлова  |b И. А.  |g Ирина Александровна 
801 1 |a RU  |b 63413507  |c 20151027 
801 2 |a RU  |b 63413507  |c 20181120  |g RCR 
942 |c BK 
959 |a 148/20151124  |d 10  |e 0  |f УФ:10 
959 |a 68/20160907  |d 20  |e 392,00  |f УФ:20